| 000 | 03377nkm0a2200553 4500 | ||
|---|---|---|---|
| 001 | RU\NLR\BIBL_A\022665075 | ||
| 005 | 20260408144730.0 | ||
| 035 | _a(NLR Aleph) 022665075 | ||
| 071 | 5 | 0 |
_d1 р. 50 к. _910000 |
| 090 |
_a13543864 _c13543864 |
||
| 100 | _a20251113d1942 u y0rusy50 ca | ||
| 101 | 0 | _arus | |
| 102 | _aRU | ||
| 116 | _aiiycxx bf ad | ||
| 135 | _acrcn 024anaba | ||
| 181 | 0 |
_ab4 _bxb2e |
|
| 182 | 0 | _an | |
| 200 | 1 |
_aСтоять на смерть _eво время Аустерлицкого сражения Кутузов, раненый в бровь, с залитым кровью лицом, крикнул солдатам: Ни шагу назад! Стоять на смерть! _e[плакат] _fхудожник - П. Соколов-Скаля |
|
| 203 |
_aИзображение _bнеподвижное _bдвухмерное _bвизуальное _cнепосредственное |
||
| 210 |
_aМосква _cИздание редакции Окно ТАСС _d1942 _eМосква _gЛит. "Декалькомания" |
||
| 215 |
_a1 л. (2 изобр.) _cхромолитогр. _d23х29 |
||
| 225 | 1 |
_aОкно ТАСС _iМосква _v1942, № 548 |
|
| 300 | _aВ вып. дан.: Л-50045 Зак. 209 | ||
| 325 | _aКопия доступна в Электрон. б-ке РНБ | ||
| 327 | 0 | _aСцены ранения М. И. Кутузова и красноармейца-артиллериста | |
| 600 | 1 |
_aКутузов _bМ.И. _f1745 - 1813 _gМихаил Илларионович _jПлакаты _91466364 _3RU\NLR\AUTH\66313221 |
|
| 606 | 1 |
_aПлакат русский советский _z1941 - 1945 _92387198 _3RU\NLR\AUTH\661423877 |
|
| 606 | 1 |
_aВеликая Отечественная война _jПлакаты _z1941 - 1945 _9903571 _3RU\NLR\AUTH\668893 |
|
| 606 | 1 |
_aАустерлицкое сражение _jПлакаты _z1805 _91052730 _3RU\NLR\AUTH\6689065 |
|
| 606 | 1 |
_aВеликая Отечественная война _jПлакаты _xАртиллерия _z1941 - 1945 _91026521 _3RU\NLR\AUTH\6675459 |
|
| 686 | 0 | _aЩ153(2Р=Рус)7-466 | |
| 700 | 1 |
_4040 _aСоколов-Скаля _bП. П. _cхудожник _f1899-1961 _gПавел Петрович _9218802 _3RU\NLR\AUTH\770218858 |
|
| 702 | 1 |
_4072 _8rus _7ca _aКутузов _bМ. И. _f1745-1813 _gМихаил Илларионович _3RU\NLR\AUTH\7712616 _9122327 |
|
| 712 | 0 | 2 |
_4650 _aТелеграфное агентство СССР _bРедакция военно-оборонного плаката "Окна ТАСС" _3RU\NLR\AUTH\8810071442 _9644791 |
| 712 | 0 | 2 |
_4610 _a"Декалькомания", литография _cМосква _3RU\NLR\AUTH\880634729 _92685776 |
| 852 | 0 | 0 |
_aNLR _bЭ _jПлИр995/ОКТМ/548 _mЭ034465 |
| 852 | 0 | 0 |
_aNLR _bЭ _jПлИр995/ОКТМ/548 _mЭпл786 |
| 856 | 0 | _uhttps://vivaldi.nlr.ru/la700001558/view | |
| 856 | 1 | _uhttps://vivaldi.nlr.ru/la700001558/cover | |
| 856 | 2 | _uhttps://vivaldi.nlr.ru/la700001558/text | |
| 942 | _cVISUAL | ||
| 945 | _aРоссийская национальная библиотека | ||
| 980 | _aBV | ||
| 980 | _aNB | ||
| 981 | 1 | 7 |
_a(17) Изографические материалы _b(17) Плакаты |